[Event "AUTO-OPEN-810"]
[Site "http://www.queenalice.com/game.php?id=263744"]
[Date "2007.8.30"]
[Round "1"]
[White "janinhobsb"]
[Black "alexsoncini"]
[Result "1-0"]
[WhiteElo "1849"]
[BlackElo "2013"]

1. e4 e5 2. f4 exf4 3. Nf3 g5 4. d4 Bg7 5. Bc4 Nc6 6. O-O d6 7. c3 Bg4 8. Qb3
Na5 9. Qa4+ c6 10. Bd3 b5 11. Bxb5 cxb5 12. Qxb5+ Bd7 13. Qxg5 Qxg5 14. Nxg5 f6
15. Nf3 Bh6 16. b3 Ne7 17. Ba3 Nb7 18. Nbd2 Kd8 19. Nc4 Kc7 20. Nb2 Bb5 21. c4
Bd7 22. Nd3 Ng6 23. Rac1 Rhe8 24. Rfe1 a5 25. c5 dxc5 26. Nxc5 Nxc5 27. Bxc5 Kb7
28. Rc2 Bf8 29. Rec1 Bxc5 30. Rxc5 Rac8 31. Nd2 Ne7 32. Nc4 Rxc5 33. dxc5 Ka6
34. Nd6 Rg8 35. Kf2 f5 36. e5 Bc6 37. g3 fxg3+ 38. hxg3 Nc8 39. Rc4 Nxd6 40.
cxd6 Kb6 41. e6 Re8 42. d7 Rg8 43. Rf4 Bxd7 44. exd7 Rd8 45. Rxf5 Rxd7 46. a4
Rd3 47. Rb5+ Ka6 48. Kg2 h5 49. Kh3 Rc3 50. Kh4 Rd3 51. Rxh5 Rxb3 52. Rf5 Rb4+
53. Rf4 Kb6 54. Kg5 Kc6 55. Kf5 Kd7 56. g4 Ke7 57. g5 Kf7 58. Ke5+ Kg6 59. Rxb4
axb4 60. Kd4 b3 61. Kc3 Kxg5 62. Kxb3 Kf6 63. a5 1-0

[Event "AUTO-OPEN-810"]
[Site "http://www.queenalice.com/game.php?id=263745"]
[Date "2007.8.30"]
[Round "1"]
[White "alexsoncini"]
[Black "janinhobsb"]
[Result "1/2-1/2"]
[WhiteElo "2006"]
[BlackElo "1835"]

1. e4 e5 2. Nf3 Nc6 3. Bb5 d6 4. d4 Bd7 5. dxe5 Nxe5 6. Bxd7+ Qxd7 7. Nxe5 dxe5
8. Qxd7+ Kxd7 9. Be3 Nf6 10. Nc3 Bb4 11. O-O-O+ Ke6 12. f3 Bxc3 13. bxc3 b6 14.
c4 h6 15. Rd2 Rhd8 16. Rxd8 Rxd8 17. Kb2 Ne8 18. Kc3 c5 19. a4 Nc7 20. a5 Na6
21. axb6 axb6 22. g3 Nb4 23. Ra1 Rd7 24. Ra8 f6 25. Re8+ Kf7 26. Rb8 Rd6 27. f4
exf4 28. Bxf4 Rd1 29. Rxb6 Rh1 30. h4 Rh2 31. Rb5 Rxc2+ 32. Kb3 Re2 33. Rxc5 Nd3
34. Rc7+ Kg6 35. Re7 Nxf4 36. gxf4 Rh2 37. c5 Rxh4 38. c6 Rh3+ 39. Kb4 Rh1 40.
f5+ Kg5 41. Rxg7+ Kf4 42. c7 Rc1 43. Rf7 h5 44. Rxf6 Kxe4 45. Rf7 h4 46. f6 Kf5
47. Kb5 h3 48. Kb6 Kg6 49. Rg7+ Kxf6 50. Rh7 Rb1+ 51. Kc5 Rc1+ 52. Kd4 Kg5 53.
Rxh3 Rxc7 54. Rf3 1/2-1/2

[Event "AUTO-ADV-628"]
[Site "http://www.queenalice.com/game.php?id=263811"]
[Date "2007.8.30"]
[Round "1"]
[White "biano"]
[Black "janinhobsb"]
[Result "1-0"]
[WhiteElo "1898"]
[BlackElo "1872"]

1. e4 e5 2. Nf3 Nc6 3. Bb5 Bc5 4. O-O d6 5. d4 exd4 6. Nxd4 Bd7 7. Nxc6 bxc6 8.
Bc4 Qf6 9. Qe2 Ne7 10. Be3 Qxb2 11. Nd2 Bxe3 12. Qxe3 Qxc2 13. Bb3 Qb2 14. Rab1
Qa3 15. Bxf7+ Kxf7 16. Qxa3 Rhc8 17. f4 a5 18. e5 d5 19. Qf3 Nf5 20. g4 Nh6 21.
f5 Kg8 22. e6 Be8 23. g5 Nxf5 24. Qxf5 Bg6 25. Qf4 Bxb1 26. Qf7+ Kh8 27. e7 h6
28. g6 Bxg6 29. Qxg6 c5 30. Rf8+ Rxf8 31. exf8=Q+ Rxf8 32. Qc6 Rf6 33. Qxd5 c6
34. Qxc5 a4 35. Qc2 a3 36. Nc4 c5 37. Nxa3 h5 38. Qxc5 h4 39. Qg5 h3 40. Nb5 Kh7
41. a4 Rg6 42. Qxg6+ Kxg6 43. a5 Kf5 44. a6 g5 45. a7 g4 46. a8=Q Kf4 47. Qa4+
Kf3 48. Nd4+ Ke3 49. Nf5+ Kf3 50. Qd4 g3 51. hxg3 Ke2 52. g4 h2+ 53. Kxh2 Kf3
54. g5 Ke2 55. g6 Kf3 56. g7 Ke2 57. g8=Q Kf3 58. Qg2# 1-0

[Event "AUTO-ADV-628"]
[Site "http://www.queenalice.com/game.php?id=263812"]
[Date "2007.8.30"]
[Round "1"]
[White "janinhobsb"]
[Black "biano"]
[Result "1-0"]
[WhiteElo "1784"]
[BlackElo "1815"]

1. e4 d5 2. exd5 Qxd5 3. Nf3 Nf6 4. Nc3 Qa5 5. Bb5+ c6 6. Bc4 e6 7. O-O Be7 8.
d3 O-O 9. Bd2 Qd8 10. Re1 b5 11. Bb3 a5 12. a3 Bb7 13. Ng5 Nd5 14. Nge4 Nxc3 15.
Bxc3 Nd7 16. Qg4 Nf6 17. Qg3 c5 18. f4 Nxe4 19. Qxg7# 1-0

[Event "AUTO-ADV-628"]
[Site "http://www.queenalice.com/game.php?id=263824"]
[Date "2007.8.30"]
[Round "1"]
[White "janinhobsb"]
[Black "chessnm"]
[Result "1-0"]
[WhiteElo "1754"]
[BlackElo "1682"]

1. e4 c5 2. f4 e6 3. Nf3 d5 4. Nc3 d4 5. Ne2 d3 6. cxd3 b6 7. Ng3 Nd7 8. d4 cxd4
9. Nxd4 Bb7 10. Bb5 Ne7 11. d3 a6 12. Bxd7+ Qxd7 13. Be3 Rc8 14. O-O b5 15. Qg4
Nc6 16. Nge2 Bc5 17. Qxg7 Nxd4 18. Nxd4 Ke7 19. Qg5+ Ke8 20. Qe5 Rg8 21. Rad1
Bd6 22. Qh5 Rg7 23. Nf3 e5 24. f5 Rc2 25. Ng5 Be7 26. f6 Bxf6 27. Rxf6 Rxg5 28.
Qxg5 Bxe4 29. Qxe5+ Qe7 30. Qxe4 1-0

[Event "AUTO-ADV-628"]
[Site "http://www.queenalice.com/game.php?id=263829"]
[Date "2007.8.30"]
[Round "1"]
[White "felipebasso"]
[Black "janinhobsb"]
[Result "1-0"]
[WhiteElo "1893"]
[BlackElo "1876"]

1. e4 e5 2. Nf3 Nc6 3. Bb5 Bc5 4. c3 Nge7 5. d4 exd4 6. cxd4 Bxd4 7. Nxd4 Nxd4
8. Qxd4 O-O 9. O-O Ng6 10. b3 d6 11. Bb2 f6 12. Bc4+ Kh8 13. Nc3 Ne5 14. Ne2 Bg4
15. Nf4 Qe7 16. h3 Bd7 17. Rfe1 b5 18. Nd5 Qd8 19. Be2 c6 20. Ne3 Be6 21. f4 Nf7
22. Bg4 Bxg4 23. Nxg4 Re8 24. e5 fxe5 25. fxe5 dxe5 26. Qxd8 Raxd8 27. Nxe5 Nxe5
28. Rxe5 h6 29. Rae1 Rxe5 30. Bxe5 Kh7 31. Rf1 Rd7 32. Rc1 Re7 33. Bd4 Rd7 34.
Bf2 Rc7 35. a4 a6 36. a5 Kg6 37. Rc5 Kf7 38. Kh2 Rc8 39. b4 g6 40. Kg3 Ke6 41.
Be3 h5 42. Kf4 Kd7 43. Kg5 Re8 44. Rc3 Re6 45. Rd3+ Ke7 46. Bc5+ Ke8 47. Rd6
Rxd6 48. Bxd6 Kf7 49. Be5 Ke6 50. Bf6 Kd5 51. Kxg6 Kc4 52. Kxh5 Kxb4 53. g4 c5
54. g5 c4 55. g6 c3 56. Bg5 Ka3 57. g7 b4 58. Bc1+ Ka4 59. g8=Q Kxa5 60. Qc4 Ka4
61. Qxa6+ Kb3 62. Qe6+ Kc2 63. Qe3 b3 64. Ba3 b2 65. Bxb2 cxb2 66. Qe2+ Kb3 67.
Qxb2+ Kxb2 68. Kg6 Kc3 69. h4 Kd4 70. h5 Ke5 71. h6 Ke4 72. h7 Kd4 73. h8=Q+ Ke4
74. Qc3 1-0

[Event "AUTO-ADV-628"]
[Site "http://www.queenalice.com/game.php?id=263830"]
[Date "2007.8.30"]
[Round "1"]
[White "janinhobsb"]
[Black "felipebasso"]
[Result "1-0"]
[WhiteElo "1857"]
[BlackElo "1921"]

1. e4 c5 2. f4 Nc6 3. Nf3 e6 4. Nc3 d5 5. Bb5 Ne7 6. O-O Bd7 7. exd5 exd5 8. Re1
d4 9. Nd5 a6 10. Bxc6 Bxc6 11. Nxe7 Bxe7 12. Ne5 Bd5 13. Qe2 O-O 14. d3 Re8 15.
Qh5 Bf6 16. Bd2 g6 17. Qg4 Bxe5 18. fxe5 Qc7 19. Bf4 Re6 20. Re2 Rae8 21. Qg3 c4
22. Rae1 c3 23. b3 Qa5 24. Bg5 Qxa2 25. Bf6 Qa3 26. Qh4 Qf8 27. Qxd4 Bc6 28. Re3
Rc8 29. Rh3 Qe8 30. Qh4 h5 31. Qg5 Rxf6 32. Qxf6 Qe6 33. Qxe6 fxe6 34. d4 Bd5
35. Ree3 a5 36. Rxc3 Ra8 37. Rc7 b5 38. Rg3 a4 39. Rxg6+ Kf8 40. Rf6+ Ke8 41.
Rh6 Kd8 42. Rg7 Bc6 43. Rh8+ Be8 44. Rgg8 Kd7 45. bxa4 bxa4 46. Rh7+ Kd8 47. Rb7
a3 48. Rb1 Kc7 49. Ra1 Kc6 50. c4 Kd7 51. Rg3 a2 52. d5 exd5 53. cxd5 Kc7 54.
Rc3+ Kb6 55. d6 Bc6 56. e6 Bd5 57. e7 Be6 58. Re3 Bd7 59. Rc3 Kb5 60. Rc7 1-0

[Event "AUTO-OPEN-758"]
[Site "http://www.queenalice.com/game.php?id=280964"]
[Date "2007.10.4"]
[Round "2"]
[White "janinhobsb"]
[Black "mattbel"]
[Result "1-0"]
[WhiteElo "1820"]
[BlackElo "1613"]

1. e4 e5 2. f4 exf4 3. Nf3 Qe7 4. Nc3 Nf6 5. e5 Nh5 6. d4 Qe6 7. Ng5 Qg6 8. Nce4
h6 9. Bd3 hxg5 10. Nf6+ Qxf6 11. exf6 Nxf6 12. Qe2+ Be7 13. Bd2 d5 14. O-O-O Bg4
15. Qe5 Nc6 16. Bb5 Bxd1 17. Re1 O-O-O 18. Bxc6 bxc6 19. Qxe7 Rhe8 20. Qxf7 Be2
21. Qxg7 Nh5 22. Qxg5 Rd7 23. Bxf4 Rde7 24. Be5 Bc4 25. Qxh5 Bxa2 26. Qh3+ Kb8
27. b3 c5 28. Qc3 Re6 29. Qa5 Bxb3 30. cxb3 Rb6 31. Qxc5 Rc8 32. b4 a6 33. h4
Ka7 34. g4 c6 35. h5 Kb7 36. Rf1 Rb5 37. Rf7+ Rc7 38. Rxc7+ Kb8 39. Qa7# 1-0

[Event "AUTO-OPEN-758"]
[Site "http://www.queenalice.com/game.php?id=280965"]
[Date "2007.10.4"]
[Round "2"]
[White "mattbel"]
[Black "janinhobsb"]
[Result "0-1"]
[WhiteElo "1592"]
[BlackElo "1828"]

1. e4 e5 2. Nf3 d6 3. Bd3 Nf6 4. O-O Be7 5. Bc4 Bg4 6. Qe1 Bxf3 7. gxf3 Nh5 8.
Nc3 Nf4 9. Ne2 Bg5 10. Ng3 h5 11. d3 h4 12. Nf5 g6 13. Ne3 Nd7 14. Ng4 f5 15.
exf5 gxf5 16. Ne3 Qf6 17. Ng2 Nxg2 18. Kxg2 Bxc1 19. Rxc1 f4 20. Bd5 O-O-O 21.
Rg1 Rh5 22. Kf1 Qf5 23. Ke2 c6 24. Be4 Qe6 25. Rg6 Qxa2 26. Ra1 Qxb2 27. Rg7
Qxc2+ 28. Kf1 a6 29. d4 Qc4+ 30. Kg1 Qxd4 31. Rd1 Qc5 32. Rb1 d5 33. Bg6 Rg5+
34. Kh1 Qd6 35. Qe2 Rxg6 36. Qb2 b5 37. Rxg6 Qxg6 38. h3 Rg8 39. Qa1 Qg2# 0-1

[Event "AUTO-OPEN-758"]
[Site "http://www.queenalice.com/game.php?id=280966"]
[Date "2007.10.4"]
[Round "2"]
[White "janinhobsb"]
[Black "Vader1d4"]
[Result "1-0"]
[WhiteElo "1802"]
[BlackElo "1850"]

1. e4 c5 2. Nf3 g6 3. Bb5 a6 4. Be2 Bg7 5. O-O Nc6 6. Nc3 d6 7. Nd5 Nf6 8. Nxf6+
Bxf6 9. Bc4 O-O 10. c3 Bg4 11. Be2 Qc7 12. Re1 Rfd8 13. d3 d5 14. exd5 Rxd5 15.
Be3 Rh5 16. h3 Bxh3 17. gxh3 Rxh3 18. Bxc5 Ne5 19. d4 Ng4 20. Qb3 Nxf2 21. Kxf2
Qg3+ 22. Ke3 Bg5+ 23. Kd3 Qf4 24. Qd1 b5 25. Kc2 Qe4+ 26. Qd3 Qxd3+ 27. Kxd3 e5
28. Kc2 1-0

[Event "AUTO-OPEN-758"]
[Site "http://www.queenalice.com/game.php?id=280967"]
[Date "2007.10.4"]
[Round "2"]
[White "Vader1d4"]
[Black "janinhobsb"]
[Result "1-0"]
[WhiteElo "1873"]
[BlackElo "1842"]

1. d4 c6 2. Nf3 d5 3. e3 Nf6 4. Bd3 Bg4 5. c4 e6 6. O-O Nbd7 7. cxd5 Nxd5 8. Nc3
Bd6 9. e4 N5b6 10. e5 Be7 11. Re1 O-O 12. Qc2 h6 13. Nd2 Rc8 14. Nde4 Nd5 15.
Ng3 Bh4 16. h3 Bxg3 17. fxg3 Bh5 18. g4 Qh4 19. Bxh6 Bxg4 20. Bxg7 Kxg7 21. hxg4
Rh8 22. Qe2 Nf4 23. Qe4 Qh1+ 24. Kf2 Qh4+ 25. Ke3 Qg3+ 26. Kd2 Rh2 27. Rg1 Nb6
28. Raf1 Nxd3 29. Qxd3 Rxg2+ 30. Rxg2 Qxg2+ 31. Qe2 Nc4+ 32. Kc1 Qxe2 33. Nxe2
Rh8 34. Ng3 Rh2 35. Nh5+ Kf8 36. Nf4 Ke7 37. g5 Rxb2 38. g6 fxg6 39. Nxg6+ Kd8
40. Rf8+ Kd7 41. Rf7+ Kc8 42. Nf8 Rxa2 43. Nxe6 b5 44. Rc7+ Kb8 45. Rxc6 a5 46.
Rc5 Na3 47. d5 Rh2 48. d6 Rh8 49. d7 a4 50. d8=Q+ Rxd8 51. Nxd8 1-0

[Event "AUTO-OPEN-710"]
[Site "http://www.queenalice.com/game.php?id=307980"]
[Date "2007.11.21"]
[Round "2"]
[White "janinhobsb"]
[Black "soares54"]
[Result "0-1"]
[WhiteElo "1796"]
[BlackElo "1950"]

1. e4 c5 2. f4 Nc6 3. Nf3 d6 4. Bb5 a6 5. Bxc6+ bxc6 6. Nc3 e6 7. d3 Be7 8. e5
d5 9. O-O Nh6 10. Bd2 Nf5 11. Ne2 Qb6 12. Rb1 a5 13. c4 Ba6 14. b3 Rd8 15. Qe1
h6 16. Bxa5 Qb8 17. Bxd8 Bxd8 18. Ng3 Ne7 19. Nh5 Rg8 20. Nd2 Nf5 21. Nf3 d4 22.
Nd2 Ba5 23. Qe2 Ke7 24. Ne4 Bc7 25. Nxc5 Bc8 26. g4 Ne3 27. Rf2 Bb6 28. Ne4 c5
29. Nhg3 Qc7 30. Nd6 Bd7 31. Nf1 Nxf1 0-1

[Event "AUTO-OPEN-710"]
[Site "http://www.queenalice.com/game.php?id=307981"]
[Date "2007.11.21"]
[Round "2"]
[White "soares54"]
[Black "janinhobsb"]
[Result "1-0"]
[WhiteElo "1939"]
[BlackElo "1807"]

1. d4 d5 2. c4 Nf6 3. Nf3 Nc6 4. cxd5 Nxd5 5. e4 Nb6 6. Bb5 Bd7 7. O-O e6 8. Be3
Be7 9. Nc3 O-O 10. Rc1 a6 11. Be2 Re8 12. a3 Bf6 13. Qc2 Qc8 14. Rfd1 e5 15.
dxe5 Bxe5 16. Nxe5 Rxe5 17. f4 Re8 18. Bxb6 cxb6 19. Nd5 Qd8 20. Kh1 Be6 21. Bf3
Bxd5 22. Rxd5 Qb8 23. g3 Ne7 24. Rd7 Rc8 25. Qd1 Nc6 26. Qb3 Rf8 27. Qxb6 Ra7
28. e5 h6 29. Bxc6 1-0

[Event "AUTO-OPEN-710"]
[Site "http://www.queenalice.com/game.php?id=307982"]
[Date "2007.11.21"]
[Round "2"]
[White "janinhobsb"]
[Black "Roman"]
[Result "0-1"]
[WhiteElo "1861"]
[BlackElo "1966"]

1. e4 c5 2. f4 d6 3. Nf3 Nc6 4. Nc3 e6 5. Bb5 Bd7 6. O-O Nf6 7. d3 a6 8. Bxc6
Bxc6 9. Ng5 Be7 10. e5 dxe5 11. fxe5 Nd5 12. Nxf7 Nxc3 13. bxc3 Qd5 14. Qg4 O-O
15. c4 Qd7 16. Ng5 Bxg5 17. Bxg5 Rae8 18. Rf3 Bxf3 19. gxf3 Rf5 20. f4 Qd4+ 21.
Kg2 Qxa1 22. Bf6 g6 23. Qh3 Rxf4 24. Qe3 Qf1+ 25. Kg3 Rf5 26. h3 Rf8 27. a4
R8xf6 28. exf6 Rxf6 29. h4 h5 30. c3 e5 31. d4 Qf4+ 32. Qxf4 exf4+ 33. Kf3 Kf7
34. d5 Rf5 35. a5 Ke7 36. Kf2 Kd6 37. Kf3 Ke5 38. Kf2 Ke4 39. Kg2 Ke3 40. Kf1 f3
41. Ke1 f2+ 42. Kf1 Kd3 43. d6 Ke3 44. d7 Rf8 45. d8=B Rxd8 46. Kg2 Rd1 47. Kg3
Rg1+ 48. Kh2 Kf3 49. Kh3 Rh1# 0-1

[Event "AUTO-OPEN-710"]
[Site "http://www.queenalice.com/game.php?id=307983"]
[Date "2007.11.21"]
[Round "2"]
[White "Roman"]
[Black "janinhobsb"]
[Result "0-1"]
[WhiteElo "1989"]
[BlackElo "1827"]

1. e4 e5 2. Nf3 Nc6 3. Bc4 Nf6 4. Ng5 d5 5. exd5 Nxd5 6. Nxf7 Kxf7 7. Qf3+ Ke6
8. Nc3 Ne7 9. d4 c6 10. Bg5 Qa5 11. O-O-O Ng6 12. Rhe1 Bd6 13. b4 Bxb4 14. Nxd5
cxd5 0-1

[Event "AUTO-OPEN-758"]
[Site "http://www.queenalice.com/game.php?id=338047"]
[Date "2008.1.17"]
[Round "3"]
[White "salso"]
[Black "janinhobsb"]
[Result "1-0"]
[WhiteElo "2057"]
[BlackElo "1831"]

1. d4 c6 2. Nc3 d5 3. e4 e6 4. Nf3 Ne7 5. exd5 exd5 6. Bd3 Nd7 7. O-O Nb6 8. Re1
Bg4 9. Bg5 Qc7 10. Bxe7 Bxe7 11. Qe2 Nc8 12. Qe5 Nd6 13. Qxg7 O-O-O 14. Qxg4+
Kb8 15. Re2 Rdg8 16. Qh3 Rg7 17. Rae1 Bf6 18. Ne5 Rhg8 19. Nd7+ Ka8 20. Nxf6
Rxg2+ 21. Qxg2 Rxg2+ 22. Kxg2 1-0

[Event "AUTO-OPEN-758"]
[Site "http://www.queenalice.com/game.php?id=338048"]
[Date "2008.1.17"]
[Round "3"]
[White "janinhobsb"]
[Black "salso"]
[Result "0-1"]
[WhiteElo "1812"]
[BlackElo "2076"]

1. e4 e5 2. f4 Bc5 3. Nf3 exf4 4. d4 Be7 5. Bxf4 d5 6. e5 c5 7. Bb5+ Nc6 8. Nc3
a6 9. Be2 cxd4 10. Nb1 Bb4+ 11. Nbd2 Nge7 12. O-O O-O 13. Nb3 Ng6 14. Nfxd4
Ngxe5 15. c3 Bd6 16. Qc2 g6 17. Bh6 Re8 18. Nd2 Qh4 19. Bf4 Bc5 20. g3 Qh3 0-1

[Event "AUTO-OPEN-758"]
[Site "http://www.queenalice.com/game.php?id=338049"]
[Date "2008.1.17"]
[Round "3"]
[White "Vader1d4"]
[Black "janinhobsb"]
[Result "1-0"]
[WhiteElo "2017"]
[BlackElo "1840"]

1. d4 c6 2. Nf3 d5 3. Bf4 Nd7 4. e3 Ngf6 5. Bd3 Nh5 6. Bg3 Nxg3 7. hxg3 Nf6 8.
c4 Bg4 9. Qc2 Bxf3 10. gxf3 h6 11. Nc3 e6 12. a3 Be7 13. O-O-O Nd7 14. Rdg1 Bg5
15. f4 Bf6 16. g4 Be7 17. g5 h5 18. Rg2 g6 19. Bxg6 fxg6 20. Qxg6+ Kf8 21. Qxe6
Kg7 22. g6 Qe8 23. cxd5 Nf8 24. Qe5+ Bf6 25. Qf5 Rc8 26. d6 Rd8 27. Ne4 Qe6 28.
Ng3 Qxf5 29. Nxf5+ Kg8 30. g7 Rh7 31. gxf8=Q+ Kxf8 32. Rg6 Kf7 33. Rhg1 h4 34.
Nh6+ Ke6 35. f5+ Kxd6 36. Rxf6+ Ke7 37. Re6+ Kd7 38. Ng8 1-0

[Event "AUTO-OPEN-758"]
[Site "http://www.queenalice.com/game.php?id=338050"]
[Date "2008.1.17"]
[Round "3"]
[White "janinhobsb"]
[Black "Vader1d4"]
[Result "0-1"]
[WhiteElo "1849"]
[BlackElo "2023"]

1. e4 d6 2. f4 Nf6 3. Nc3 g6 4. e5 dxe5 5. fxe5 Nd5 6. Nxd5 Qxd5 7. d4 Nc6 8.
Be3 Bg7 9. c4 Qe4 10. Qd2 Bf5 11. Nf3 Rd8 12. Ng5 Qc2 13. Qxc2 Bxc2 14. Nf3 Be4
15. O-O-O O-O 16. Nd2 Bf5 17. Nb3 Nb4 18. Rd2 Nxa2+ 19. Kd1 Nb4 20. h3 b6 21.
Bg5 f6 22. exf6 exf6 23. Bf4 c6 24. g4 Be4 25. Rhh2 Rfe8 26. g5 f5 27. h4 Rd7
28. Be2 Red8 29. Nc1 Rxd4 30. Rxd4 Bxd4 31. Ke1 Bxb2 32. Kf2 Bd4+ 33. Be3 Be5
34. Rh3 f4 0-1